000 00773nab a22002417a 4500
001 22038
003 HDC
007 cr bn ---aaaaa
008 210128c20180727my ||||| |||| 00| 0 may d
040 _aHDC
100 _aSri Ayu Kartika Amri,
_eauthor
_97653
245 0 _aSumbang RM35b /
_cSri Ayu Kartika Amri
336 _atext
_2rdacontent
337 _acomputer
_2rdamedia
338 _aonline resource
_2rdacarrier
650 _aFranchise
_98494
650 _aGovernment aids to small business
_914743
710 _aHarian Metro
856 _zRequest full-text at [email protected]
942 _2lcc
942 _cNEWS
942 _kNWSC 006439
999 _c19354
_d19354